Регионална библиотека "Любен Каравелов" - Русе

[Есе Хомо] Ессе Homo (Запис номер 57234)

MARC детайли
000 -Лидер
Контролно поле с фиксирана дължина 01428nam a2200325 c 4500
003 - Код на организацията, давaща контролен номер
Контролно поле BLK
005 - Дата и час на последна редакция
Контролно поле 20250528084822.0
008 - Елементи от данни с фиксирана дължина
fixed length control field 180408b bul|||||r ||||||| ||bul||
010 ## - Наследен системен номер
LC control number KNG00061229000
040 ## - Източник на каталожния запис
Идентификатор на билиотеката - собственик на записа BLK
041 ## - Код за език
Код за езика на текст/звукозапис или на отделно заглавие Български
Код за езика КДБФ Български
080 ## - УДК
Текстов определител УДК Немска литература
УДК код - определител по УДК 821.112.2
УДК определител -96
УДК - код + определител 821.112.2-96
100 1# - Редна дума - Автор
Автор Ницше, Фридрих Вилхелм
Авторска отговорност първи автор
R(LIN) 363407
139 ## - Редно поле
Редна дума Ницше, Фридрих Вилхелм
Авторски знак Ниц - Н 83
245 10 - Сведения за заглавието
Заглавие [Есе Хомо] Ессе Homo
Подзаглавни данни Как се става такъв, какъвто си
Редно поле (дума) Фридрих Вилхелм Ницше; прев. от нем. Георги Кайтазов.
257 ## - Страна на издаване
Страна на създаване/издаване Германия
260 ## - Област на издателските данни
-- София
Име на издателя, разпространителя и проч. КХ
Година на издаване 1991
300 ## - Физическа характеристика
Страници 136 с.
Размери/Мащаб 16 см
380 ## - Жанр
Жанр Худож. лит.
490 1# - СЕРИИ (Колекции)
Име на серия Библиотека Семинар 100+
500 ## - Общи забележки
Забележка Ориг. загл. Ессе Homo / Fr. Nietzsche. - Кн. е прил. на сп. Философия за ученици. - 5 000 тир. - Съдържа и Хроника на живота и творчеството.
653 ## - Ключова дума – ненормативна
Ключова дума философска литература
700 1# - Други автори (авторска отговорност)
Лично име Кайтазов, Георги
Автороска отговорност (Описва отношението между автора и произведението) прев. от нем.
9 (RLIN) 363406
852 ## - Местоположение
Форматна сигнатура Цб І 25580
856 4# - Електронен адрес и достъп
Електронен формат pdf - файл
Път до файла /url/
856 4# - Електронен адрес и достъп
Електронен формат pdf - файл
Път до файла /url/
942 ## - АРТИКУЛИ
Вид на библиотечния материал Книги
Скрит в OPAC Не
Koha issues (borrowed), all copies 15
944 ## - СЪЗДАВАНЕ И РЕДАКЦИЯ на ЗАПИСА
Създаване/Редакция Създаване
Дата на регистрацията/редакция 13.06.2004
Статус, дата на статуса Минев Младен
Служител, извършил регистрацията/редакцията 30530
944 ## - СЪЗДАВАНЕ И РЕДАКЦИЯ на ЗАПИСА
Създаване/Редакция Редакция
Дата на регистрацията/редакция 04.02.2013
Статус, дата на статуса ф /
Служител, извършил регистрацията/редакцията
999 ## - СИСТЕМНИ КОНТРОЛНИ НОМЕРА
Koha biblionumber 57234
Koha biblioitemnumber 57234
Наличности
Код за отписване Код за изгубен артикул Източник на класификационната схема Код за повреда Коз за рестрикции Код за отдаване Артикулен № Име на библиотеката - собственик Име на библиотеката, в която се намира в момента Статус (Текущо местоположение) Дата на вписване в системата Местоположение - отдел Цена в лева Инвентарен номер Систематично азбучна сигнатура Баркод Номер на екземпляра Цена в евро Служебна бележка Служебен тип на артикула
Изтеглен Не е изгубен Universal Decimal Classification Не е повреден без рестрикции заемане за дома 92322 Регионална библиотека "Любен Каравелов" Русе Регионална библиотека "Любен Каравелов" Русе Заемна - подръчен фонд 1993-01-01 Заемна - подръчен фонд 10.00 120000564887 П 830-9/Н 83 120000564887 1 5.11 Дост: Pk Вид: Ф N: стар фонд Дата: 01.01.1991 Дата инв: 12.02.2018 Бележки инв: П2018 Книги
  Не е изгубен Universal Decimal Classification Не е повреден само за читалня ползва се в читалня 92323 Регионална библиотека "Любен Каравелов" Русе Регионална библиотека "Любен Каравелов" Русе Хранилище 1991-01-01 Хранилище 10.00 565034 Цб І 25580 120000565034 2 5.11 Дост: Dp Вид: Д N: стар фонд Дата: 01.01.1991 Книги
Изтеглен Не е изгубен Universal Decimal Classification Не е повреден без рестрикции заемане за дома 92324 Регионална библиотека "Любен Каравелов" Русе Регионална библиотека "Любен Каравелов" Русе Заемна - подръчен фонд 1991-01-01 Заемна - подръчен фонд 10.00 564889 П 830-9/Н 83 564889 3 5.11 Дост: Pk Вид: Ф N: стар фонд Дата: 01.01.1991 Книги
Изтеглен Не е изгубен   Не е повреден без рестрикции заемане за дома 92325 Регионална библиотека "Любен Каравелов" Русе Регионална библиотека "Любен Каравелов" Русе Заемна - подръчен фонд 2011-07-21 Заемна - подръчен фонд 3.00 120000752180 П 830-9/Н 83 120000752180 4 1.53 Дост: DA Вид: А N: 12 Дата: 21.07.2011 Дата инв: 12.02.2018 Бележки инв: П2018 Книги
  Не е изгубен Universal Decimal Classification Не е повреден без рестрикции заемане за дома 727737 Регионална библиотека "Любен Каравелов" Русе Регионална библиотека "Любен Каравелов" Русе Заемна - подръчен фонд 2019-07-03 Заемна - подръчен фонд 1.10   П 830-9/Н 83 120000833143   0.56   Книги
Vip Innovations Ltd, Rousse, Bulgaria 2025